000
00317nam a22001457a 4500
003
OSt
008
250516b |||||||| |||| 00| 0 eng d
100
_a
GURUDATT
245
_a
Dighvijay
250
_a
16th
260
_a
New Delhi
_b
Hindu Sahitya Sadan
_c
2016
300
_a
270
650
_a
General
942
_2
ddc
_c
BK
999
_c
13586
_d
13586